Wages and labour conditions in cawnpore (Record no. 419435)

000 -LEADER
fixed length control field 00352cam a22001097a 4500
008 - FIXED-LENGTH DATA ELEMENTS--GENERAL INFORMATION
fixed length control field 180718b1938 xxu||||| |||| 00| 0 eng d
082 ## - DEWEY DECIMAL CLASSIFICATION NUMBER
Classification number R22x5421 Ut8k
100 ## - MAIN ENTRY--PERSONAL NAME
Personal name Saxena, Shitla Prasad
245 ## - TITLE STATEMENT
Title Wages and labour conditions in cawnpore
Statement of responsibility, etc. by Shitla Prasad Saxena
260 ## - PUBLICATION, DISTRIBUTION, ETC.
Place of publication, distribution, etc. Allahabad
Name of publisher, distributor, etc. Superintendent, Printing and Stationery
Date of publication, distribution, etc. 1938
300 ## - PHYSICAL DESCRIPTION
Extent 112p
Holdings
Withdrawn status Lost status Damaged status Not for loan Permanent Location Current Location Date acquired Full call number Barcode Date last seen Price effective from Koha item type
        Indian Institute of Public Administration Indian Institute of Public Administration 2009-07-03 R22x5421 Ut8k 24330 2018-07-21 2018-07-21 Book

Powered by Koha